Highest Goal Scoring Defenders in the UEFA Champions League - Statistics

General Stats
  • This quiz has been taken 265 times
  • The average score is 10 of 22
Answer Stats
# Goals Games Years Main Team(s) Answer % Correct
5 15 137 2005-'21, 2022- Real Madrid, Paris Saint-Germain Sergio Ramos
99%
2 16 128 2004-'05, 2007-'22 Barcelona, Manchester United Gerard Piqué
92%
11 10 109 2003-2016 Chelsea John Terry
81%
6 13 52 1983-'84, 1985-'89, 1991-'95 Barcelona, PSV Eindhoven Ronald Koeman
77%
4 15 120 1997-2009 Real Madrid, Fenerbahçe Roberto Carlos
75%
17 8 77 1989-'91, 1995-'96, 1997-'03 Real Madrid Fernando Hierro
71%
15 9 102 2007-2022 Real Madrid Marcelo
71%
7 12 111 2007-2019 Barcelona, Juventus Dani Alves
70%
14 9 81 2013- Paris Saint-Germain Marquinhos
68%
20 7 54 2007-'08, 2010-'16, 2017-'18 Chelsea, Paris Saint-Germain David Luiz
59%
21 7 64 2008-'16, 2019-'20 Chelsea, Zenit St. Petersburg Branislav Ivanović
43%
3 15 87 1999-2008 Real Madrid, Valencia Iván Helguera
33%
16 8 66 2004-2014 Chelsea, PSV Eindhoven Alex
29%
22 7 81 1994-'97, 1998-'04 Barcelona, Ajax Amsterdam Frank de Boer
29%
13 9 40 2016- Borussia Dortmund Raphaël Guerreiro
29%
19 7 48 2014-'20, 2022- Paris Saint-Germain, Bayern Munich Juan Bernat
23%
8 11 47 1989-'92, 1999-'01, 2003-'06 Lazio, Red Star Belgrade Siniša Mihajlović
22%
9 11 76 1993-'95, 1996-'99, 2001-'03, 2004-'05, 2006-'09 AS Roma, AC Milan Christian Panucci
13%
10 10 57 1976-1985 Liverpool Phil Neal
11%
1 19 57 1964-'70, 1972-'73, 1975-'77, 1978-'80 Real Madrid Pirri
11%
12 9 31 1966-1972 Celtic Tommy Gemmell
3%
18 7 26 1964-'65, 1968-'70, 1971-'74 Spartak Trnava, Dukla Prague Dušan Kabát
0%
No matching quizzes found
Score Distribution
Percent of People with Each Score
Percentile by Number Answered
Your Score History
You have not taken this quiz